Dicionário Espanhol- Português, Português - Espanhol (Record no. 73906)

MARC details
000 -LÍDER
campo de controle de tamanho fixo 00420 a2200145 4500
001 - NÚMERO DE CONTROLE
campo de controle 73906
020 ## - ISBN - INTERNATIONAL STANDARD BOOK NUMBER
ISBN - International Standard Book Number 853221799-0
040 ## - FONTE DA CATALOGAÇÃO
Instituição que transcreveu o registro Anchieta - Colégio São Paulo
100 ## - ENTRADA PRINCIPAL--NOME PESSOAL
Nome pessoal balbás, márcial Soto
240 10 - TÍTULO UNIFORME
Título uniforme Dicionário Espanhol- Português, Português - Espanhol
Idioma da obra por
245 10 - TÍTULO
Título Dicionário Espanhol- Português, Português - Espanhol
300 ## - DESCRIÇÃO FÍSICA
Extensão 703
650 #4 - ASSUNTO--TERMO TÓPICO
Cabeçalho tópico ou nome geográfico Obras enciclopédicas gerais
942 ## - ELEMENTOS DE ENTRADA ADICIONADOS (KOHA)
Tipo de material Koha Livros
Holdings
Situação do descarte Situação das perdas Situação física Não pode ser emprestado Biblioteca de origem Biblioteca atual Data de aquisição Total de empréstimos Número de chamada completo Código de barras Data de último acesso Data do preço efetivo Tipo de material Koha
        Colégio São Paulo Colégio São Paulo 22/11/2023   030 B191d 4282/CSP 22/11/2023 22/11/2023 Livros